| 000 | 00586nam a2200133 4500 | ||
|---|---|---|---|
| 999 |
_c3302 _d3302 |
||
| 020 | _a0852921993 | ||
| 050 |
_aHF5549 _b.N55 |
||
| 100 | _aNiven Mary M. | ||
| 245 | _aPersonnel Managemet | ||
| 260 |
_aLondon: _bInstitute of Personnel Management; _c1967. |
||
| 300 |
_a168 p. _c22 cm. |
||
| 505 | _aChapter 1. Then and now Chapter 2. The early background Chapter 3. Events leading to the founding of the institute Chapter 4. War years Chapter 5. Post-war years Chapter 6. Inter-war years Chapter 7. The second world war Chapter 8. Transition Chapter 9. New perspective | ||
| 942 | _cBK | ||